| 000 | 00708cab a2200205 4500 | ||
|---|---|---|---|
| 001 | WB3017-11 | ||
| 008 | 090401t1994 xxu||||| |||| 00| 0 eng d | ||
| 035 | _a(Sirsi) u41746 | ||
| 041 | _aeng | ||
| 245 | _aImprovement in yields | ||
| 260 | _c1994 | ||
| 350 | _a0 | ||
| 490 |
_aEstates Gazette _v(9417) 30 April 1994, 59(1) |
||
| 520 | _aAverage yields on commercial auction results edged downwards in 1Q 1994 according to Jones Lang Wootton, but the improving performance was largely due to retail sector resilience in an uncertain market. | ||
| 650 | _aARAS | ||
| 650 | _aAUCTION RESULTS | ||
| 690 | _aPROPERTY-COMMERCIAL PROPERTY-COMMERCIAL PROPERTY MARKET | ||
| 942 | _n0 | ||
| 948 | _c04/03/1997 | ||
| 999 |
_c26800 _d26800 |
||